| 000 | 00630nam a22002057a 4500 | ||
|---|---|---|---|
| 999 |
_c1598 _d1598 |
||
| 001 | 14400 | ||
| 003 | BD-DhUAP | ||
| 005 | 20210123101341.0 | ||
| 008 | 200210r20101995ii ||||| |||| 00| 0 eng d | ||
| 040 |
_aBD-DhUAP _bEng _cBD-DhUAP _dBD-DhUAP |
||
| 082 |
_223 _a346.5403 JHA |
||
| 100 | _aJhabvala, Noshirvan H. | ||
| 245 |
_aThe law of torts : _bincluding statutory torts / _cNoshirvan H. Jhabvala ; revised by Yousuf Iqbal Yousuf. |
||
| 250 | _a26th ed. | ||
| 260 |
_aMumbai : _bC. Jamnadas & co., _cc2010. |
||
| 300 |
_ax, 254 pages ; _c22 cm. |
||
| 650 |
_aTorts _zIndia. |
||
| 700 | _aYousuf, Yousuf Iqbal. | ||
| 942 |
_2ddc _cBK |
||